Estimation error and the specification of unobserved component models
Saved in:
| Main Author: | |
|---|---|
| Other Authors: | |
| Format: | Book |
| Language: | English |
| Published: |
San Domenico (FI)
European University Institute
1994
|
| Series: | EUI Working paper ECO
No. 94/34 |
| Subjects: | |
| Tags: |
No Tags, Be the first to tag this record!
|
MARC
| LEADER | 00000nam a2200000 4500 | ||
|---|---|---|---|
| 001 | c143031 | ||
| 005 | 20221123112341.6 | ||
| 041 | 0 | |a eng | |
| 044 | |a IT | ||
| 245 | 1 | 0 | |a Estimation error and the specification of unobserved component models |c Agustín Maravall and Christophe Planas |
| 264 | 1 | |a San Domenico (FI) |b European University Institute |c 1994 | |
| 300 | |a 54 s. | ||
| 490 | 1 | |a EUI Working paper ECO |v No. 94/34 | |
| 830 | 0 | |a EUI Working paper ECO |v No. 94/34 | |
| 610 | 2 | 0 | |a modely |
| 610 | 2 | 0 | |a rady časové |
| 100 | 1 | |a Maravall, Agustín | |
| 700 | 1 | |a Planas, Christophe | |